Normal view MARC view
  • Rogers, Chapman and Thomas

Entry Corporate Name

Number of records used in: 3

001 - CONTROL NUMBER

  • control field: 5394

003 - CONTROL NUMBER IDENTIFIER

  • control field: OSt

005 - DATE AND TIME OF LATEST TRANSACTION

  • control field: 20190806150242.0

008 - FIXED-LENGTH DATA ELEMENTS

  • fixed length control field: 071016n| acannaabn |n ana d

040 ## - CATALOGING SOURCE

  • Original cataloging agency: OSt
  • Transcribing agency: OSt

110 2# - HEADING--CORPORATE NAME

  • Corporate name or jurisdiction name as entry element: Rogers, Chapman and Thomas

670 ## - SOURCE DATA FOUND

  • Source citation: Particulars and conditions of sale of valuable freehold ground rent of per £115 annum secured on no. 37 St. Martins Lane, W.C.2...and a substantial long leasehold investment no. 71 New Bond Street, W.1...for sale by auction by Messrs. Rogers, Chapman and Thomas at the London Auction Mart, 155 Queen Victoria Street, E.C.4 at 2.30 p.m. on Tuesday 17th November 1953, [1953]